000 00723nam a2200289Ia 4500
005 20260324111542.0
008 008 260324s9999 xx 000 0 eng d
020 _a9781003449980
037 _aEBOOK
040 _aCRL
040 _beng
040 _cCRL
041 _2eng
041 _aeng
084 _qCRL
100 _aDaniela Nunes Pereira
_91139034
245 4 _aThe Market Space of Portuguese Cities
245 0 _bUrbanism and Commercial Architecture, 15th–17th Centuries
260 _bTaylor and Francis
260 _c2025
365 _a
365 _b230
856 _uhttp://www.taylorfrancis.com/books/9781003449980
942 _cEBOOK
999 _c1727900
_d1727900